Viac vína, menej destilátov

Prieskum spotreby alkoholických nápojov - vína, destilátov. Ktoré druhy vína podľa farby a podľa obsahu cukru sú preferované spotrebiteľmi. Preferencia značiek vína.

Salvato in:
Dettagli Bibliografici
Natura: Capitolo di libro
Lingua:slovacco
Soggetti:
Tags: Aggiungi Tag
Nessun Tag, puoi essere il primo ad aggiungerne!!

MARC

LEADER 00000naa a2200000 4500
001 r047230
005 20231002114438.6
041 0 |a slo 
044 |a SK 
245 1 0 |a Viac vína, menej destilátov 
520 |a Prieskum spotreby alkoholických nápojov - vína, destilátov. Ktoré druhy vína podľa farby a podľa obsahu cukru sú preferované spotrebiteľmi. Preferencia značiek vína. 
610 2 0 |a prieskum spotrebiteľský 
610 2 0 |a nápoje alkoholické 
610 2 0 |a víno 
610 2 0 |a spotrebitelia 
610 2 0 |a spotreba obyvateľstva 
610 2 0 |a Slovensko